[Event "SVK-chT2B 2324"]
[Site "Slovakia"]
[Date "2024.02.11"]
[Round "9.3"]
[White "Chovan, Milan"]
[Black "Sarok, Peter"]
[Result "1-0"]
[WhiteElo "2349"]
[BlackElo "2039"]
[PlyCount "49"]
[EventDate "2023.10.07"]
[EventType "team-tourn"]
[EventRounds "11"]
[EventCountry "SVK"]
[SourceTitle "EXT 2025"]
[Source "ChessBase"]
[SourceDate "2024.10.14"]
[SourceVersion "1"]
[SourceVersionDate "2024.10.14"]
[SourceQuality "1"]
[WhiteTeam "Prievidza K CERO"]
[BlackTeam "Batorove Kosihy"]
[WhiteTeamCountry "SVK"]
[BlackTeamCountry "SVK"]

1. d4 e6 2. e4 d5 3. Nc3 Nf6 4. Bg5 Bb4 5. Nge2 dxe4 6. a3 Be7 7. Bxf6 Bxf6 8. Nxe4 Nd7 9. g3 0-0 10. Bg2 Be7 11. c4 c6 12. 0-0 b6 13. Qa4 Bb7 14. Rfd1 a5 15. Rac1 Qb8 16. N2c3 Rc8 17. Qb3 Ba6 18. Qa2 Ra7 19. Nd2 b5 20. d5 cxd5 21. cxd5 e5 22. Nce4 Rac7 23. Rxc7 Qxc7 24. Nf1 b4 25. d6 1-0

[Event "HUN-chT2 Szechenyi 2122"]
[Site "Hungary"]
[Date "2022.03.20"]
[Round "8.2"]
[White "Balka, Richard"]
[Black "Sarok, Peter"]
[Result "1/2-1/2"]
[WhiteElo "2007"]
[BlackElo "2114"]
[PlyCount "131"]
[EventDate "2021.10.10"]
[EventType "team-tourn"]
[EventRounds "9"]
[EventCountry "HUN"]
[SourceTitle "EXT 2025"]
[Source "ChessBase"]
[SourceDate "2024.10.14"]
[SourceVersion "1"]
[SourceVersionDate "2024.10.14"]
[SourceQuality "1"]
[WhiteTeam "Sarvar"]
[BlackTeam "Kisber Aszar"]
[WhiteTeamCountry "HUN"]
[BlackTeamCountry "HUN"]

1. e4 e6 2. d4 d5 3. Nd2 Nc6 4. Ngf3 Nf6 5. e5 Nd7 6. Be2 f6 7. exf6 Qxf6 8. Nf1 Bd6 9. Ne3 0-0 10. 0-0 Kh8 11. c4 dxc4 12. Nxc4 Bf4 13. Re1 e5 14. dxe5 Ndxe5 15. Bxf4 Qxf4 16. Ncxe5 Nxe5 17. Nxe5 Qxe5 18. Qd2 Qf6 19. Bc4 Bg4 20. Re3 Rad8 21. Rd3 c6 22. a4 a6 23. a5 Bf5 24. Rxd8 Rxd8 25. Qe2 h6 26. Re1 Kh7 27. h3 Qg5 28. Kh1 Qd2 29. Qxd2 Rxd2 30. b3 Kg6 31. Re7 Rd7 32. Rxd7 Bxd7 33. Kg1 Kf5 34. Kf1 Ke4 35. Ke2 Kd4 36. Kd2 g5 37. Bf7 Bf5 38. Bg8 Be4 39. g3 Bd5 40. Bh7 Bxb3 41. Bf5 c5 42. Bc8 Bd5 43. f4 gxf4 44. gxf4 Ke4 45. f5 Ke5 46. Kc3 Kf6 47. Kd3 Ke7 48. h4 Kd8 49. Be6 Bxe6 50. fxe6 Ke7 51. Kc4 Kxe6 52. Kxc5 Kd7 53. Kb6 Kc8 54. h5 Kb8 55. Kc5 Kc7 56. Kd5 b6 57. axb6+ Kxb6 58. Kc4 Kc6 59. Kb4 Kd5 60. Ka5 Ke5 61. Kxa6 Kf5 62. Kb5 Kg5 63. Kc4 Kxh5 64. Kd3 Kg4 65. Ke2 Kg3 66. Kf1 1/2-1/2